000 00588nam a2200217Ia 4500
001 58622
008 150526n ii |||gr||||Z||||||asm
020 _a81-7339-338-9
082 _a891.414
245 0 _aBhasar Itibrtta
_cBhimkanta Baruah
_hTextual Documents
250 _a3rd rev edn.
260 _aAssam
_bBanalata
_c20-11
300 _a165pg:
_bill,;
_c23cm.
653 _aAssamese
653 _aAssamese Literature
653 _aDifferent aspect of language &Languestics
653 _aDeptt-Assamese
653 _aMS-Assamese
700 _aBaruah,Bhimkanta.
942 _2ddc
_cBK
999 _c58512
_d58512